| 000 | 00442nam a2200169Ia 4500 | ||
|---|---|---|---|
| 008 | 240729s9999 xx 000 0 und d | ||
| 022 | _a1743-422X | ||
| 245 | 0 | _aVirology Journal | |
| 260 | _aUnited Kingdom | ||
| 260 | _bBMC | ||
| 650 | _a Infectious and parasitic diseases | ||
| 650 | _a Internal medicine | ||
| 650 | _aMedicine | ||
| 856 | _uhttps://doaj.org/toc/2b6e885fad5e4b76a2f7fabc1b6c823e | ||
| 942 | _2ddc | ||
| 942 | _cDOAJEJ | ||
| 999 |
_c74410 _d74410 |
||
| 945 |
_a1 _bMadushi Gamage _c1 _dMadushi Gamage |
||